LEADER 01484nas 2200481-a 450 001 996202514303316 005 20230227213019.0 011 $a1286-4692 035 $a(DE-599)ZDB2612927-9 035 $a(OCoLC)52716087 035 $a(CKB)1000000000753291 035 $a(CONSER)--2003256066 035 $a(EXLCZ)991000000000753291 100 $a20030724a19989999 s-- - 101 0 $aeng 135 $aurcn||||||||| 181 $ctxt$2rdacontent 182 $cc$2rdamedia 183 $acr$2rdacarrier 200 10$aM@n@gement 210 1$aParis, France :$cDMSP Research Center, Paris-Dauphine University,$d[1998]- 210 31$aParis, France :$cAssociation Internationale de Management Stratégique 300 $aRefereed/Peer-reviewed 300 $aTitle from publishers journal homepage. 517 1 $aManagement 606 $aManagement$vPeriodicals 606 $aGestion$vPériodiques 606 $aGestion$2eclas 606 $aPolitique de l'entreprise$2eclas 606 $aPublications périodiques$2eclas 606 $aManagement$2fast$3(OCoLC)fst01007141 608 $aPeriodicals.$2fast 615 0$aManagement 615 6$aGestion 615 7$aGestion. 615 7$aPolitique de l'entreprise. 615 7$aPublications périodiques. 615 7$aManagement. 712 02$aUniversité Paris IX-Dauphine.$bDMSP Research Center, 906 $aJOURNAL 912 $a996202514303316 996 $aM@n@gement$92016932 997 $aUNISA LEADER 01624nam 2200493Ia 450 001 9910711297403321 005 20180711120941.0 024 8 $aGOVPUB-C13-a432ebfa1cdbb399b3b94fe5b2f3f670 035 $a(CKB)5470000002481043 035 $a(OCoLC)957470145 035 $a(OCoLC)995470000002481043 035 $a(EXLCZ)995470000002481043 100 $a20160829d1955 ua 0 101 0 $aeng 181 $ctxt$2rdacontent 182 $cc$2rdamedia 183 $acr$2rdacarrier 200 10$aTests of precast continuous spliced girders /$fL.F. Skoda, J.O. Bryson 210 1$aGaithersburg, MD :$cU.S. Dept. of Commerce, National Institute of Standards and Technology,$d1955. 215 $a1 online resource 225 1 $aNBS report ;$v4286 300 $a1955. 300 $aContributed record: Metadata reviewed, not verified. Some fields updated by batch processes. 300 $aTitle from PDF title page. 320 $aIncludes bibliographical references. 606 $aGirders$xStrength of materials 606 $aGirders$xTesting 606 $aGirders$xTesting$2fast 615 0$aGirders$xStrength of materials. 615 0$aGirders$xTesting. 615 7$aGirders$xTesting. 700 $aSkoda$b L. F$01386452 701 $aBryson$b James$01389836 701 $aSkoda$b L. F$01386452 712 02$aUnited States.$bNational Bureau of Standards. 801 0$bNBS 801 1$bNBS 801 2$bOCLCO 801 2$bOCLCQ 801 2$bOCLCF 906 $aBOOK 912 $a9910711297403321 996 $aTests of precast continuous spliced girders$93527831 997 $aUNINA